Paleontology the study of prehistoric life / (Record no. 1354)

MARC details
000 -LEADER
fixed length control field 01172cam a2200337 a 4500
005 - DATE AND TIME OF LATEST TRANSACTION
control field 20230821092345.0
020 ## - INTERNATIONAL STANDARD BOOK NUMBER
International Standard Book Number 9780531246801 (library binding)
020 ## - INTERNATIONAL STANDARD BOOK NUMBER
International Standard Book Number 0531246809 (library binding)
020 ## - INTERNATIONAL STANDARD BOOK NUMBER
International Standard Book Number 9780531282748 (pbk.)
020 ## - INTERNATIONAL STANDARD BOOK NUMBER
International Standard Book Number 0531282740 (pbk.)
020 ## - INTERNATIONAL STANDARD BOOK NUMBER
International Standard Book Number 9780329917142 (Follett bdg.)
020 ## - INTERNATIONAL STANDARD BOOK NUMBER
International Standard Book Number 0329917145 (Follett bdg.)
040 ## - CATALOGING SOURCE
Original cataloging agency DLC
Language of cataloging eng
Transcribing agency DLC
Modifying agency IG#
-- BTCTA
-- YCC
-- VHP
-- BDX
-- GRC
-- DLC
050 00 - LIBRARY OF CONGRESS CALL NUMBER
Classification number QE714.5
Item number .G738 2012
082 00 - DEWEY DECIMAL CLASSIFICATION NUMBER
Classification number 560
Edition number 23
100 1# - MAIN ENTRY--PERSONAL NAME
Personal name Gray, Susan Heinrichs.
245 10 - TITLE STATEMENT
Title Paleontology the study of prehistoric life /
Statement of responsibility, etc. Susan H. Gray.
260 ## - PUBLICATION, DISTRIBUTION, ETC.
Place of publication, distribution, etc. New York :
Name of publisher, distributor, etc. Children's Press,
Date of publication, distribution, etc. 2012.
300 ## - PHYSICAL DESCRIPTION
Extent 48 pages :
Other physical details color illustrations ;
Dimensions 22 cm
490 0# - SERIES STATEMENT
Series statement A true book
505 ## - FORMATTED CONTENTS NOTE
Formatted contents note Q
520 ## - SUMMARY, ETC.
Summary, etc. Presents general information about paleontologists, what they learn about prehistoric animals and vegetation by studying them.
521 ## - TARGET AUDIENCE NOTE
Target audience note 860 <br/>
Source Lexile
521 ## - TARGET AUDIENCE NOTE
Target audience note Q <br/>
Source Raz-Plus
650 #0 - SUBJECT ADDED ENTRY--TOPICAL TERM
Topical term or geographic name entry element Paleontology
Form subdivision Juvenile literature.
650 #1 - SUBJECT ADDED ENTRY--TOPICAL TERM
Topical term or geographic name entry element Paleontology.
906 ## - LOCAL DATA ELEMENT F, LDF (RLIN)
a 7
b cbc
c orignew
d 1
e ecip
f 20
g y-gencatlg
942 ## - ADDED ENTRY ELEMENTS (KOHA)
Source of classification or shelving scheme Dewey Decimal Classification
Koha item type Books
Suppress in OPAC No
999 ## -
-- 1354
-- 1354
Holdings
Withdrawn status Lost status Source of classification or shelving scheme Damaged status Not for loan Collection Home library Current library Shelving location Date acquired Total Checkouts Full call number Barcode Date last seen Date last checked out Price effective from Koha item type
    Dewey Decimal Classification     Non-Fiction Footprints International School Library Network Toul Kork Campus Footprints International School Library Network Toul Kork Campus A TK Campus, 4th Floor, Room B401, Non-Fiction Bookcases(7-8) 08/21/2023 1 GRA 560 QE714.G738 FISTK01246 03/07/2024 11/23/2023 08/21/2023 Books